Law after Auschwitz : (Record no. 111871)

MARC details
000 -LEADER
campo de control de longitud fija 01051cam a2200313Ma 4500
001 - NÚMERO DE CONTROL
campo de control 92774
005 - FECHA Y HORA DE LA ÚLTIMA TRANSACCIÓN
campo de control 20230411090050.0
008 - DATOS DE LONGITUD FIJA--INFORMACIÓN GENERAL
campo de control de longitud fija 050301s2005 ncu b 001 0 eng
010 ## - NÚMERO DE CONTROL DE LA BIBLIOTECA DEL CONGRESO
Número de control de LC 2004018078
035 ## - NÚMERO DE CONTROL DEL SISTEMA
Número de control de sistema (OCoLC)ocn183926027
040 ## - FUENTE DE CATALOGACIÓN
Centro catalogador/agencia de origen DLC
Centro/agencia transcriptor ZCL
Centro/agencia modificador OCLCG
-- AU@
020 ## - NÚMERO INTERNACIONAL ESTÁNDAR DEL LIBRO
Número Internacional Estándar del Libro 0890892431 (alk. paper)
020 ## - NÚMERO INTERNACIONAL ESTÁNDAR DEL LIBRO
Número Internacional Estándar del Libro 9780890892435 (alk. paper)
029 1# - OTRO NÚMERO DE CONTROL DE SISTEMA (OCLC)
Identificador de la biblioteca OCLC AU@
Número de control de sistema 000026103993
035 ## - NÚMERO DE CONTROL DEL SISTEMA
Número de control de sistema (OCoLC)183926027
043 ## - CÓDIGO DE ÁREA GEOGRÁFICA
Código de área geográfica e------
082 00 - NÚMERO DE LA CLASIFICACIÓN DECIMAL DEWEY
Número de clasificación 340/.115/094309043
Número de edición 22
049 ## - FONDOS LOCALES (OCLC)
Biblioteca depositaria GRAL
100 1# - ENTRADA PRINCIPAL--NOMBRE DE PERSONA
Nombre de persona Fraser, David,
Fechas asociadas al nombre 1953-
245 10 - MENCIÓN DEL TÍTULO
Título Law after Auschwitz :
Resto del título towards a jurisprudence of the Holocaust /
Mención de responsabilidad, etc. David Fraser.
260 ## - PUBLICACIÓN, DISTRIBUCIÓN, ETC.
Lugar de publicación, distribución, etc. Durham, N.C. :
Nombre del editor, distribuidor, etc. Carolina Academic Press,
Fecha de publicación, distribución, etc. c2005.
300 ## - DESCRIPCIÓN FÍSICA
Extensión xi, 451 p. ;
Dimensiones 24 cm.
504 ## - NOTA DE BIBLIOGRAFÍA, ETC.
Nota de bibliografía, etc. Includes bibliographical references and index.
650 #0 - PUNTO DE ACCESO ADICIONAL DE MATERIA--TÉRMINO DE MATERIA
Término de materia o nombre geográfico como elemento de entrada Genocide
Subdivisión geográfica Europe
Subdivisión general History.
650 #0 - PUNTO DE ACCESO ADICIONAL DE MATERIA--TÉRMINO DE MATERIA
Término de materia o nombre geográfico como elemento de entrada Holocaust, Jewish (1939-1945)
856 48 - LOCALIZACIÓN Y ACCESO ELECTRÓNICOS
Materiales especificados Table of contents:
Identificador Uniforme de Recursos <a href="http://www.loc.gov/catdir/toc/ecip0421/2004018078.html">http://www.loc.gov/catdir/toc/ecip0421/2004018078.html</a>
Nota pública Access via World-Wide Web.
942 ## - ELEMENTOS DE ENTRADA SECUNDARIOS (KOHA)
Fuente del sistema de clasificación o colocación Clasificación de Library of Congress
Tipo de ítem Koha
994 ## -
-- C0
-- DRFGD
Holdings
Estatus retirado Estado de pérdida Fuente del sistema de clasificación o colocación Estado de daño No para préstamo Colección Biblioteca de origen Biblioteca actual Ubicación en estantería Fecha de adquisición Código de barras Visto por última vez Copia número Tipo de ítem Koha
    Clasificación de Library of Congress     Automatización y Procesos Técnicos Biblioteca Juan Bosch Biblioteca Juan Bosch Automatización y Procesos Técnicos (1er. Piso) 11/04/2023 00000085612 17/02/2019 1